Survey of living and working conditions of students of the University of Delhi (Record no. 369273)

000 -LEADER
fixed length control field 00385cam a22001217a 4500
008 - FIXED-LENGTH DATA ELEMENTS--GENERAL INFORMATION
fixed length control field 180718b1967 xxu||||| |||| 00| 0 eng d
082 ## - DEWEY DECIMAL CLASSIFICATION NUMBER
Classification number P52x5461 K529
100 ## - MAIN ENTRY--PERSONAL NAME
Personal name Khusro, A.M.
245 ## - TITLE STATEMENT
Title Survey of living and working conditions of students of the University of Delhi
Statement of responsibility, etc. by A.M. Khusro
260 ## - PUBLICATION, DISTRIBUTION, ETC.
Place of publication, distribution, etc. Bombay
Name of publisher, distributor, etc. Asia
Date of publication, distribution, etc. 1967
300 ## - PHYSICAL DESCRIPTION
Extent 183p.
650 ## - SUBJECT ADDED ENTRY--TOPICAL TERM
Topical term or geographic name entry element College students --Delhi (India)
Holdings
Withdrawn status Lost status Damaged status Not for loan Permanent Location Current Location Date acquired Full call number Barcode Date last seen Price effective from Koha item type
        Indian Institute of Public Administration Indian Institute of Public Administration 2009-01-15 P52x54 K529 DA902 2018-07-21 2018-07-21 DA
        Indian Institute of Public Administration Indian Institute of Public Administration 1994-06-01 P52x5461 K529 41238 2018-07-21 2018-07-21 Book

Powered by Koha